书目信息 |
| 题名: |
中国农村社会保障制度研究
|
|
| 作者: | 曹建民 , 龙章月 著 ;牛剑平 著 | |
| 分册: | ||
| 出版信息: | 北京 人民出版社 2010 |
|
| 页数: | 333页 | |
| 开本: | 21cm | |
| 丛书名: | ||
| 单 册: | ||
| 中图分类: | F323.89 | |
| 科图分类: | ||
| 主题词: | 农村--社会保障制度--研究--中国 , 农村 , 社会保障制度 | |
| 电子资源: | ||
| ISBN: | 978-7-01-008846-4 | |
| 000 | 01225nam0 2200301 450 | |
| 001 | 523 | |
| 005 | 20140909094154.28 | |
| 010 | @a978-7-01-008846-4@dCNY26.00 | |
| 100 | @a20100826d2010 em y0chiy50 ea | |
| 101 | 0 | @achi |
| 102 | @aCN@b110000 | |
| 105 | @ay z 000yy | |
| 106 | @ar | |
| 200 | 1 | @a中国农村社会保障制度研究@AZhong Guo Nong Cun She Hui Bao Zhang Zhi Du Yan Jiu@e以西北贫困地区为例@EYi Xi Bei Pin Kun Di Qu Wei Li@f曹建民,龙章月,牛剑平著@FCao Jian Min, Long Zhang Yue, Niu Jian Ping Zhu |
| 210 | @a北京@c人民出版社@d2010 | |
| 215 | @a333页@d21cm | |
| 300 | @a国家社会科学基金项目 | |
| 330 | @a本书深入调查农民社会保障的实际情况,开展社会保障理论和战略研究,努力探索农村社会保障发展的理念与规律,研究中国特色社会保障制度的体系结构、运行和监管体制,明确农民社会保障制度建设的目标、进程与步骤等。 | |
| 517 | 1 | @a以西北贫困地区为例@AYi Xi Bei Pin Kun Di Qu Wei Li |
| 606 | 0 | @a农村@x社会保障制度@x研究@y中国 |
| 606 | 0 | @a农村 |
| 606 | 0 | @a社会保障制度 |
| 690 | @aF323.89@v5 | |
| 701 | 0 | @a曹建民@ACao Jian Min@f(1967~)@4著 |
| 701 | 0 | @a龙章月@ALong Zhang Yue@f(1970~)@4著 |
| 702 | 0 | @a牛剑平@ANiu Jian Ping@4著 |
| 801 | 0 | @aCN@bTANGWEI@c20140603 |
| 905 | @b0842267-69@dF323.89@e154@f3 | |
| 中国农村社会保障制度研究:以西北贫困地区为例/曹建民,龙章月,牛剑平著.-北京:人民出版社,2010 |
| 333页;21cm |
| 国家社会科学基金项目 |
| ISBN 978-7-01-008846-4:CNY26.00 |
| 本书深入调查农民社会保障的实际情况,开展社会保障理论和战略研究,努力探索农村社会保障发展的理念与规律,研究中国特色社会保障制度的体系结构、运行和监管体制,明确农民社会保障制度建设的目标、进程与步骤等。 |
| ● |
| 相关链接 |
|
|
|
|
正题名:中国农村社会保障制度研究
索取号:F323.89/154
 
预约/预借
| 序号 | 登录号 | 条形码 | 馆藏地/架位号 | 状态 | 备注 |
| 1 | 0842267 | 208422679 | 第一样本阅览室/ [索取号:F323.89/154] | 在馆 | |
| 2 | 0842268 | 208422688 | 密集书库-海洋学院/ [索取号:F323.89/154] | 在馆 | |
| 3 | 0842269 | 208422697 | 第一借阅区/ [索取号:F323.89/154] | 在馆 |